000 00492cas a2200193 4500
001 L246
008 090401t xxu||||| |||| 00| 0 eng d
022 _a0141-9641
035 _a(Sirsi) u98884
041 _aeng
245 _aTax Cases
260 _bHM Stationery Office
350 _a0
500 _aFirst Issue 11 Jul 94 Vol.64 Part 1 1994 13 Aug 96 Vol.66 Part 6 1996 Last Issue 08 Jul 96 Vol.66 Part 4
650 _aLAW
650 _aTAXATION
942 _n0
948 _c16/08/1994
999 _c118558
_d118558